Statistics for Percy Jackson quotes: The Last Olympian

Click here to take the quiz!

General Stats

  • This quiz has been taken 222 times
    (220 since last reset)
  • The average score is 8 of 12

Answer Stats

Hint Answer % Correct
"You got something to say to me, Seaweed Brain?"Annabeth Chase
99%
"We'll have to work on your bunny phobia later"Percy Jackson
97%
"Enchiladas!"Grover Underwood
93%
"I am all that's left. Home. Hearth. I am the last Olympian"Hestia
87%
“Daddy will explain. Come, he is blowing up monsters"Tyson
83%
"We need music.... How's your singing?"Nico di Angelo
73%
"What would it take to get the stupid guy to kiss the girl, huh?"Rachel Dare
68%
“I survive all those battles....And I get defeated by a stupid chunk of rock!”Thalia Grace
62%
"Are you calling me a MINOR GOD?"Hades
53%
"The end of the world started with a pegasus landing on the hood of my car"Percy Jackson
48%
"Husband, we talked about this...You can't go around incinerating every hero"Persephone
47%
"With great power... Comes great need to take a nap. Wake me up later"Nico di Angelo
34%

Score Distribution

Percentile by Number Answered

Percent of People with Each Score

Your Score History

You have not taken this quiz since the last reset